| 000 | 01105nam a2200313Ia 4500 | ||
|---|---|---|---|
| 005 | 20210727153220.0 | ||
| 008 | 141031s9999 ck 000 0 spa d | ||
| 020 | _a9788467830897 | ||
| 100 | 1 | _aCody Kimmel, Elizabeth | |
| 245 | 1 | 0 |
_aParanorman _bel alucinante mundo de Norman _cElizabeth Cody Kimmel ; ilustrado por Ross Stewart ; traducción de Blanca Jiménez Iglesias |
| 250 | _a1a edición | ||
| 300 |
_a243 páginas _bilustraciones en color _c32 cm. |
||
| 500 | _aBasado en el guión de la película de animación de Chris Butler | ||
| 534 | _tParaNorman. A novel | ||
| 650 | 1 | 4 |
_2LEMB _aNovela estadounidense _ySiglo XX |
| 650 | 1 | 4 |
_2LEMB _aBrujas _vNovela |
| 650 | 1 | 4 |
_2LEMB _aMuerte _vNovela |
| 650 | 1 | 4 |
_2LEMB _aFantasmas _vNovela |
| 650 | 1 | 4 |
_2LEMB _aHumor _vNovela |
| 700 | 1 |
_aStewart, Ross _eilustrador |
|
| 700 | 1 |
_aJiménez Iglesias, Blanca _etraductor |
|
| 942 |
_2loc _cBKLIT |
||
| 264 |
_aMadrid _bAnaya _c2012 |
||
| 336 |
_atexto _btxt _2rdacontent |
||
| 337 |
_asin mediación _bn _2rdamedia |
||
| 338 |
_avolumen _bnc _2rdacarrier |
||
| 040 |
_aCO-BoRNBP _bspa _erda _cCO-BoRNBP |
||
| 084 | _aN COD2 | ||
| 999 |
_c4303 _d4303 |
||